• 首页
  • 本馆介绍
  • 公告通知
  • 最新文献
  • 馆藏检索
  • 电子资源
  • 读者导购
  • 参考咨询
  • 我的图书馆
  • 登录
  • 详细信息显示
  • 放入我的书架
  • 预约/预借图书
  • 作者相关作品
  • 分类相关作品
  • 丛书相关作品
  • 出版社相关作品

书目信息

  • 表格格式
  • 工作单格式
  • 卡片格式
题名:
滋养汤煲王
    
 
作者: 马敬泽 主编
分册:  
出版信息: 长春   吉林科学技术出版社  2013
页数: 159页
开本: 24cm
丛书名: 原味小厨系列丛书
单 册:
中图分类: TS972.122.2 , TS972.122
科图分类:
主题词: 保健--汤菜--菜谱
电子资源:
ISBN: 978-7-5384-6678-2
000 00776nam0 2200241 450
001 2349299554
005 20231223134213.00
010    @a978-7-5384-6678-2@dCNY 18.00
100    @a20130614d2013 em y0chiy0120 ea
101 0  @achi
102    @aCN@b220000
105    @aa z 000yy
200 1  @a滋养汤煲王@Azi yang tang bao wang@b专著@f马敬泽主编
210    @a长春@c吉林科学技术出版社@d2013
215    @a159页@c彩图@d24cm
225 1  @a原味小厨系列丛书
330    @a本书收录了百余道滋补汤菜谱,包括蔬菜菌藻、美味畜肉、禽蛋豆制品、鲜香水产类,介绍了每道汤谱的原料、调料和制作步骤。
606 0  @a保健@x汤菜@x菜谱
690    @aTS972.122.2@v5
690    @aTS972.122@v4
701  0 @a马敬泽@Ama jing ze@4主编
801  2 @aCN@b辽宁北配@c20231205
905    @aZUCC@dTS972.122@e37
    
    滋养汤煲王/马敬泽主编.-长春:吉林科学技术出版社,2013
    159页:彩图;24cm.-(原味小厨系列丛书)
    
    
    ISBN 978-7-5384-6678-2:CNY 18.00
    本书收录了百余道滋补汤菜谱,包括蔬菜菌藻、美味畜肉、禽蛋豆制品、鲜香水产类,介绍了每道汤谱的原料、调料和制作步骤。
●
相关链接 在五车中查询图书 在当当中查询图书 在豆瓣中查询图书


正题名:滋养汤煲王     索取号:TS972.122/37         预约/预借

序号 登录号 条形码 馆藏地/架位号 状态 备注
1 2001486669   2001486669   辽三/辽宁北配(第三批)/3733/ [索取号:TS972.122/37] 在馆    
2 2001486670   2001486670   辽三/辽宁北配(第三批)/3733/ [索取号:TS972.122/37] 在馆    
3 2001486671   2001486671   辽三/辽宁北配(第三批)/3733/ [索取号:TS972.122/37] 在馆    
4 2001486672   2001486672   辽三/辽宁北配(第三批)/3733/ [索取号:TS972.122/37] 在馆    
5 2001486673   2001486673   辽三/辽宁北配(第三批)/3733/ [索取号:TS972.122/37] 在馆    
6 2001486674   2001486674   辽三/辽宁北配(第三批)/3733/ [索取号:TS972.122/37] 在馆    
7 2001486675   2001486675   辽三/辽宁北配(第三批)/3733/ [索取号:TS972.122/37] 在馆    
8 2001486676   2001486676   辽三/辽宁北配(第三批)/3733/ [索取号:TS972.122/37] 在馆    
9 2001486677   2001486677   辽三/辽宁北配(第三批)/3733/ [索取号:TS972.122/37] 在馆    
10 2001486678   2001486678   辽三/辽宁北配(第三批)/3733/ [索取号:TS972.122/37] 在馆    
11 2001486679   2001486679   辽三/辽宁北配(第三批)/3733/ [索取号:TS972.122/37] 在馆    
12 2001486680   2001486680   辽三/辽宁北配(第三批)/3733/ [索取号:TS972.122/37] 在馆    
13 2001486681   2001486681   辽三/辽宁北配(第三批)/3733/ [索取号:TS972.122/37] 在馆    
14 2001486682   2001486682   辽三/辽宁北配(第三批)/3733/ [索取号:TS972.122/37] 在馆    
15 2001486683   2001486683   辽三/辽宁北配(第三批)/3733/ [索取号:TS972.122/37] 在馆    
16 2001486684   2001486684   辽三/辽宁北配(第三批)/3733/ [索取号:TS972.122/37] 在馆    
17 2001486685   2001486685   辽三/辽宁北配(第三批)/3733/ [索取号:TS972.122/37] 在馆    
18 2001486686   2001486686   辽三/辽宁北配(第三批)/3733/ [索取号:TS972.122/37] 在馆    
19 2001486687   2001486687   辽三/辽宁北配(第三批)/3733/ [索取号:TS972.122/37] 在馆    
20 2001486688   2001486688   辽三/辽宁北配(第三批)/3733/ [索取号:TS972.122/37] 在馆    
21 2001486689   2001486689   辽三/辽宁北配(第三批)/3733/ [索取号:TS972.122/37] 在馆    
22 2001486690   2001486690   辽三/辽宁北配(第三批)/3733/ [索取号:TS972.122/37] 在馆    
23 2001486691   2001486691   辽三/辽宁北配(第三批)/3733/ [索取号:TS972.122/37] 在馆    
24 2001486692   2001486692   辽三/辽宁北配(第三批)/3733/ [索取号:TS972.122/37] 在馆    
25 2001486693   2001486693   辽三/辽宁北配(第三批)/3733/ [索取号:TS972.122/37] 在馆    
26 2001486694   2001486694   辽三/辽宁北配(第三批)/3733/ [索取号:TS972.122/37] 在馆    
27 2001486695   2001486695   辽三/辽宁北配(第三批)/3733/ [索取号:TS972.122/37] 在馆    
28 2001486696   2001486696   辽三/辽宁北配(第三批)/3733/ [索取号:TS972.122/37] 在馆    
29 2001486697   2001486697   辽三/辽宁北配(第三批)/3733/ [索取号:TS972.122/37] 在馆    
30 2001486698   2001486698   辽三/辽宁北配(第三批)/3733/ [索取号:TS972.122/37] 在馆    
山东省滨州职业学院图书馆 欢迎您!
大连网信软件有限公司© 版权所有